International relations among Communists, (Record no. 13217)
[ view plain ]
| 000 -LEADER | |
|---|---|
| fixed length control field | 01077cam a22003011 4500 |
| 001 - CONTROL NUMBER | |
| control field | 9885222 |
| 005 - DATE AND TIME OF LATEST TRANSACTION | |
| control field | 20050509181616.0 |
| 008 - FIXED-LENGTH DATA ELEMENTS--GENERAL INFORMATION | |
| fixed length control field | 721130s1967 nju b 000 0 eng |
| 010 ## - LIBRARY OF CONGRESS CONTROL NUMBER | |
| LC control number | 67014843 |
| 035 ## - SYSTEM CONTROL NUMBER | |
| System control number | (OCoLC)504068 |
| 040 ## - CATALOGING SOURCE | |
| Original cataloging agency | DLC |
| Transcribing agency | GACCLC |
| Modifying agency | OCoLC |
| -- | DLC |
| 042 ## - AUTHENTICATION CODE | |
| Authentication code | premarc |
| 050 00 - LIBRARY OF CONGRESS CALL NUMBER | |
| Classification number | HX44 |
| Item number | .M232 |
| 082 ## - DEWEY DECIMAL CLASSIFICATION NUMBER | |
| Classification number | 335.4091717 |
| Edition number | 19 |
| Item number | MCN |
| 100 1# - MAIN ENTRY--PERSONAL NAME | |
| Personal name | McNeal, Robert Hatch, |
| Dates associated with a name | 1930- |
| 9 (RLIN) | 10697 |
| 245 10 - TITLE STATEMENT | |
| Title | International relations among Communists, |
| Statement of responsibility, etc | edited by Robert H. McNeal. |
| 260 ## - PUBLICATION, DISTRIBUTION, ETC. (IMPRINT) | |
| Place of publication, distribution, etc | Englewood Cliffs, N.J., |
| Name of publisher, distributor, etc | Prentice Hall |
| Date of publication, distribution, etc | [1967] |
| 300 ## - PHYSICAL DESCRIPTION | |
| Extent | x, 181 p. |
| Dimensions | 21 cm. |
| 490 0# - Series Statement | |
| Series statement | A Spectrum book, |
| Volume/sequential designation | S-151 |
| 500 ## - GENERAL NOTE | |
| General note | Donations. |
| 500 ## - GENERAL NOTE | |
| General note | Donated By: Alaa Abdel Ghaney. |
| 504 ## - BIBLIOGRAPHY, ETC. NOTE | |
| Bibliography, etc | Bibliography: p. 177-181. |
| 650 #0 - SUBJECT ADDED ENTRY--TOPICAL TERM | |
| Topical term or geographic name as entry element | Communist parties. |
| 9 (RLIN) | 10698 |
| 650 #0 - SUBJECT ADDED ENTRY--TOPICAL TERM | |
| Topical term or geographic name as entry element | Communism. |
| 9 (RLIN) | 10699 |
| 651 #0 - SUBJECT ADDED ENTRY--GEOGRAPHIC NAME | |
| Geographic name | Communist countries |
| General subdivision | Politics and government. |
| 9 (RLIN) | 10700 |
| 942 ## - ADDED ENTRY ELEMENTS (KOHA) | |
| Source of classification or shelving scheme | Dewey Decimal Classification |
| Item type | Book - Borrowing |
| Withdrawn status | Item status | Source of classification or shelving scheme | Damaged status | Not for loan | Vendor | Home library | Current library | Shelving location | Date acquired | Source of acquisition | Total Checkouts | Total Renewals | Full call number | Barcode | Date last seen | Date last borrowed | Koha item type | Public note |
|---|---|---|---|---|---|---|---|---|---|---|---|---|---|---|---|---|---|---|
| Dewey Decimal Classification | Central Library | Central Library | First floor | 28/01/2010 | 1 | 2 | 335.4091717 MCN | 000019552 | 15/07/2025 | 14/03/2016 | Book - Borrowing | Donated By: Alaa abdel ghaney. |